00483nam a2200145Ia 4500008004100000020001400041040001200055050001200067245011500079260003600194300002000230650003200250700003800282999001700320100603 1978nyua e 000 0 eng d a125580509 aABU, Za aRA 1191 0aProceedings of the first international Congress on Toxicology /cedited by Gabriel L. Plaa and W. A. M. Duncan aNew York:bAcademic Pressc1978 axiii,670p.:ill. aPublic aspects of medicine aPlaa, Gabriel L.;Duncan, W. A. M. c61663d61663